MARC details
| 000 -CABECERA |
| campo de control de longitud fija |
01160cam a22002771 4500 |
| 001 - NÚMERO DE CONTROL |
| campo de control |
000019160 |
| 005 - FECHA Y HORA DE LA ÚLTIMA TRANSACCIÓN |
| campo de control |
20200929165933.0 |
| 008 - DATOS DE LONGITUD FIJA--INFORMACIÓN GENERAL |
| campo de control de longitud fija |
761022s1946 sp a 000 0 spa |
| 040 ## - FUENTE DE LA CATALOGACIÓN |
| Centro catalogador/agencia de origen |
DO-SdBNP |
| Centro/agencia transcriptor |
ViU |
| Centro/agencia modificador |
DLC |
| -- |
BNPHU |
| 082 ## - NÚMERO DE LA CLASIFICACIÓN DECIMAL DEWEY |
| Número de clasificación |
923.1 |
| Número de documento/Ítem |
C317c |
| 049 ## - FONDOS LOCALES (OCLC) |
| Fondos de biblioteca |
BNGR |
| 100 1# - ENTRADA PRINCIPAL--NOMBRE DE PERSONA |
| Nombre de persona |
Carrillo de Huete, Pedro, |
| Fechas asociadas al nombre |
siglo 15 |
| 9 (RLIN) |
41240 |
| 245 10 - MENCIÓN DE TÍTULO |
| Título |
Cronica del halconero de Juan II / |
| Mención de responsabilidad, etc. |
Pedro Carrillo de Huete (hasta ahora inedita) ; edicion y estudio por Juan de Mata Carriazo. |
| 260 ## - PUBLICACIÓN, DISTRIBUCIÓN, ETC. |
| Lugar de publicación, distribución, etc. |
Madrid : |
| Nombre del editor, distribuidor, etc. |
Espasa-Calpe, |
| Fecha de publicación, distribución, etc. |
1946. |
| 300 ## - DESCRIPCIÓN FÍSICA |
| Extensión |
xv, 563 p. : |
| Otras características físicas |
il. ; |
| Dimensiones |
26 cm. |
| 490 1# - MENCIÓN DE SERIE |
| Mención de serie |
Coleccion de crónicas espanolas ; |
| Designación de volumen o secuencia |
8 |
| 500 ## - NOTA GENERAL |
| Nota general |
En la portada: hasta ahora inédita. |
| 500 ## - NOTA GENERAL |
| Nota general |
Incluye índice de capítulos. |
| 504 ## - NOTA DE BIBLIOGRAFÍA, ETC. |
| Nota de bibliografía, etc. |
Incluye referencias bibliográficas y notas al pie de las páginas. |
| 600 04 - PUNTO DE ACCESO ADICIONAL DE MATERIA--NOMBRE DE PERSONA |
| Nombre de persona |
JUAN |
| Numeración |
II, |
| Títulos y otros términos asociados al nombre |
REY DE CASTILLA Y LEÓN |
| Fechas asociadas al nombre |
1405-1454. |
| Subdivisión general |
CRÓNICA |
| 9 (RLIN) |
41241 |
| 651 #4 - PUNTO DE ACCESO ADICIONAL DE MATERIA--NOMBRE GEOGRÁFICO |
| Nombre geográfico |
Castilla (España{Rpara} |
| Subdivisión general |
Historia |
| Subdivisión cronológica |
JUAN II, 1406-1454. |
| 9 (RLIN) |
41242 |
| 700 1# - PUNTO DE ACCESO ADICIONAL--NOMBRE DE PERSONA |
| Nombre de persona |
Perez de Guzman, Fernan, |
| Fechas asociadas al nombre |
1376?-1460? |
| 9 (RLIN) |
3259 |
| 700 1# - PUNTO DE ACCESO ADICIONAL--NOMBRE DE PERSONA |
| Nombre de persona |
Carriazo, Juan de Mata, |
| Término indicativo de función/relación |
ed. |
| 9 (RLIN) |
41243 |
| 830 #0 - PUNTO DE ACCESO ADICIONAL DE SERIE-TÍTULO UNIFORME |
| Título uniforme |
Coleccion de crónicas espanolas ; |
| Número de parte o sección de la obra |
8 |
| 9 (RLIN) |
41244 |
| 910 ## - DATOS DE OPCIÓN DEL USUARIO (OCLC) |
| Datos de opción del usuario |
Catalogación derivada / LC |